| 000 | 01255 a2200193 4500 | ||
|---|---|---|---|
| 003 | NUST | ||
| 005 | 20221124181612.0 | ||
| 020 | _a0195847466 | ||
| 040 | _cNust | ||
| 082 | _a530,CHR | ||
| 100 |
_aChristopher ,WU _9103536 |
||
| 245 |
_aSolutions To Problems In A Level Physics / _cChristopher WU |
||
| 250 | _a2nd ed. | ||
| 260 |
_aSingapore _bOxford _c1991 |
||
| 300 | _a217p.: | ||
| 505 | _aInterpreting Scientific and Problem Solving (Page-1), Errors, Significant Figures and Dimensions (Page-4), Linear and Projectile Motion (Page-9), Vector and Statics (Page-15), Newton’s Law (Page-24), Circular and Rotational Motion (Page-35), Concept of Fields (Page-42), Elasticity and Properties of Matter (Page-52), Simple Harmonic Motion and Oscillations (Page- 63), Properties of Waves (Page-73), Interference , Diffraction (Page-85), Thermometry , Ideal Gas Question, Thermal Conduction (Page-96), Kinetic Theory First Law of Thermodynamics (Page-108), Static Electricity (Page-119), Concepts of Current Electricity (Page-129), Electromagnetism (Page-139), Alternating Current and Electronics (Page-149), Photoelectric and Atomic Physics (Page-164), Radioactivity and Nuclear Physics (Page-173) . | ||
| 650 | _a Physics | ||
| 942 |
_2ddc _cBK _k530,CHR |
||
| 999 |
_c180638 _d180638 |
||